[Event "Elit(Upsala-Eksjo)"]
[Site "?"]
[Date "2013.11.22"]
[Round "1"]
[White "Johansson, Jan"]
[Black "Gdanski, Jacek"]
[Result "1/2-1/2"]
[WhiteElo "2409"]
[BlackElo "2571"]
[PlyCount "100"]

1. d4 Nf6 2. c4 c5 3. d5 d6 4. Nc3 g6 5. Nf3 Bg7 6. h3 e6 7. dxe6 Bxe6 8. Bf4
Qa5 9. Qd2 Nc6 10. e4 O-O 11. Bd3 Rad8 12. Nd5 Qxd2+ 13. Nxd2 Bxd5 14. cxd5 Nb4
15. Ke2 Rfe8 16. Be3 Nd7 17. a3 Nxd3 18. Kxd3 b5 19. Kc2 Nb6 20. g4 f5 21. gxf5
gxf5 22. Rhe1 fxe4 23. Bg5 Rd7 24. Nxe4 Re5 25. f4 Rxd5 26. Re2 Kf7 27. Rae1 h6
28. Bh4 Rh5 29. Bg3 Rxh3 30. f5 Bf8 31. Rg2 Nd5 32. Rd2 Nf6 33. Nxd6+ Bxd6 34.
Bxd6 Rf3 35. Bxc5 Rc7 36. b4 Rxf5 37. Rd8 Rf3 38. Kb2 a6 39. Rf8+ Kg7 40. Rg1+
Kh7 41. Bd4 Rg7 42. Rxg7+ Kxg7 43. Ra8 h5 44. Rxa6 h4 45. a4 bxa4 46. Rxa4 h3
47. Ra1 Kf7 48. b5 Nd7 49. Kc2 Rf5 50. Rh1 Rxb5 1/2-1/2

[Event "Elit(Upsala-Eksjo)"]
[Site "?"]
[Date "2013.11.22"]
[Round "1"]
[White "de Verdier, Michael"]
[Black "Johansson, Carl Fredrik"]
[Result "1-0"]
[WhiteElo "2424"]
[BlackElo "2225"]
[PlyCount "47"]

1. c4 c5 2. g3 Nf6 3. Bg2 d5 4. cxd5 Nxd5 5. Nc3 Nc7 6. Nf3 Nc6 7. O-O e5 8. a3
f6 9. e3 Be7 10. d4 cxd4 11. exd4 exd4 12. Ne2 d3 13. Nf4 Bf5 14. Nh4 Be6 15.
Nxe6 Nxe6 16. Qh5+ Kf8 17. Bd5 Ne5 18. Bxe6 d2 19. Bxd2 Qxd2 20. f4 Bc5+ 21.
Kh1 Qd6 22. Ba2 Qc6+ 23. Nf3 Ng6 24. Rac1 1-0

[Event "Elit(Upsala-Eksjo)"]
[Site "?"]
[Date "2013.11.22"]
[Round "1"]
[White "Malm Lindberg, Henrik"]
[Black "Vernersson, Per"]
[Result "0-1"]
[WhiteElo "2292"]
[BlackElo "2406"]
[PlyCount "118"]
[EventDate "2013.??.??"]

1. e4 c6 2. d4 d5 3. exd5 cxd5 4. c4 Nf6 5. Nc3 e6 6. Nf3 Bb4 7. cxd5 Nxd5 8.
Qc2 Nc6 9. Bd3 Nf6 10. O-O Be7 11. a3 O-O 12. Be3 h6 13. Rad1 Nd5 14. Bc1 Qd6
15. Rfe1 Rd8 16. Re4 Bf6 17. Qe2 Nce7 18. Ne5 Nf5 19. Bc4 Bd7 20. Qh5 Be8 21.
Nxd5 exd5 22. Bxd5 Qxd5 23. Qxf5 Ba4 24. Rd2 Bg5 25. f4 Bf6 26. Re1 Rac8 27.
Qd3 Rc7 28. Qf3 Qxf3 29. Nxf3 Rdc8 30. b3 Bxb3 31. Bb2 Bd5 32. Ne5 h5 33. Kf2
g6 34. Nd3 a5 35. Ne5 Bh4+ 36. g3 Bf6 37. Nf3 Rc2 38. Ree2 Rxd2 39. Rxd2 Kf8
40. Re2 Be7 41. Ne5 Rc7 42. Nd3 f6 43. Nc5 Kf7 44. Ke3 b6 45. Ne4 Bf8 46. Nc3
Bc4 47. Rd2 b5 48. d5 Bc5+ 49. Kf3 Rd7 50. d6 Rxd6 51. Rxd6 Bxd6 52. Ne4 Bd5
53. Ke3 Bxe4 54. Kxe4 Ke6 55. Kd4 a4 56. h3 f5 57. Bc1 Be7 58. Kd3 Kd5 59. Bb2
Bc5 0-1

[Event "Elit(Upsala-Eksjo)"]
[Site "?"]
[Date "2013.11.22"]
[Round "1"]
[White "Malesevic, Nedeljko"]
[Black "Thorgeirsson, Sverrir"]
[Result "1-0"]
[WhiteElo "2340"]
[BlackElo "2222"]
[PlyCount "99"]

1. d4 d5 2. Nf3 Nf6 3. c4 c6 4. Nc3 e6 5. cxd5 exd5 6. Bg5 Be7 7. Qc2 Bg4 8.
Ne5 Bh5 9. e3 Nbd7 10. Bf4 Nxe5 11. Bxe5 Bg6 12. Bd3 O-O 13. Bxg6 hxg6 14. O-O
Nd7 15. Bg3 Re8 16. Rab1 a5 17. Rfd1 Nb6 18. b3 Bb4 19. Na4 Nd7 20. Nb2 Qe7 21.
Nd3 Ba3 22. Qe2 Qf6 23. b4 b5 24. bxa5 Rxa5 25. Qc2 Ra4 26. Be5 Nxe5 27. dxe5
Qe6 28. Nf4 Qd7 29. e6 fxe6 30. Qxg6 Bd6 31. Nh5 Rf8 32. Nxg7 Qxg7 33. Qxe6+
Qf7 34. Qxd6 Qxf2+ 35. Kh1 Rxa2 36. Qg6+ Kh8 37. h3 Rf6 38. Qg5 Ra4 39. Ra1 Qf5
40. Qg3 Rg6 41. Qe1 Qe4 42. Qf2 Kg8 43. Rf1 Rg7 44. Rad1 Rc4 45. Rd2 b4 46.
Qf8+ Kh7 47. Rf5 Qh4 48. Rd1 Re4 49. Rf7 Re7 50. Qxg7# 1-0

[Event "Elit(Upsala-Eksjo)"]
[Site "?"]
[Date "2013.11.22"]
[Round "1"]
[White "Marttala, Thomas"]
[Black "Ornstein, Axel"]
[Result "0-1"]
[WhiteElo "2233"]
[BlackElo "2329"]
[PlyCount "84"]
[EventDate "2013.??.??"]

1. Nf3 Nf6 2. c4 c5 3. g3 b6 4. Bg2 Bb7 5. Nc3 e6 6. O-O Be7 7. Re1 d6 8. e4
Nc6 9. d3 O-O 10. Nd2 a6 11. Nf1 Rb8 12. g4 b5 13. Ne3 Nd4 14. Rf1 h6 15. b3
Nd7 16. Bb2 Bf6 17. Kh1 b4 18. Ne2 Nxe2 19. Qxe2 Bxb2 20. Qxb2 Qf6 21. Qxf6
Nxf6 22. f4 Nd7 23. Rad1 g5 24. fxg5 hxg5 25. d4 Rfd8 26. Rd2 Kf8 27. Kg1 cxd4
28. Rxd4 Nc5 29. Rfd1 Ke7 30. R1d2 a5 31. Rd1 Ba8 32. R1d2 a4 33. e5 axb3 34.
exd6+ Kd7 35. Rf2 bxa2 36. Rxa2 Bxg2 37. Kxg2 Ra8 38. Rdd2 b3 39. Rab2 Kc6 40.
Nd1 Rxd6 41. Rxd6+ Kxd6 42. Nc3 Ke5 0-1

[Event "Elit(Upsala-LASK)"]
[Site "?"]
[Date "2013.11.23"]
[Round "2"]
[White "Smith, Axel"]
[Black "Johansson, Jan"]
[Result "1-0"]
[WhiteElo "2501"]
[BlackElo "2409"]
[PlyCount "98"]

1. Nf3 Nf6 2. g3 d5 3. Bg2 e6 4. O-O Be7 5. c4 O-O 6. d4 dxc4 7. Qa4 a6 8. Qxc4
b5 9. Qc2 Bb7 10. Bd2 Ra7 11. Rc1 Nc6 12. e3 Bd6 13. Ne1 Nb8 14. e4 e5 15. dxe5
Bxe5 16. Be3 Ra8 17. Rd1 Qc8 18. Nd3 Nbd7 19. Nxe5 Nxe5 20. Bc5 Re8 21. Nd2
Ned7 22. Be3 c5 23. Rac1 c4 24. b3 cxb3 25. Qxb3 Qb8 26. Bf4 Qa7 27. Rc7 Rac8
28. Rxb7 Qxb7 29. e5 Qa7 30. exf6 Nxf6 31. Be3 Qc7 32. a4 Ng4 33. Nf1 Nxe3 34.
Nxe3 Qc5 35. axb5 axb5 36. Rd7 Rf8 37. Bd5 b4 38. Nf5 Rb8 39. Kg2 Rbd8 40. Rb7
Kh8 41. Ne3 Rb8 42. Rxf7 Rxf7 43. Bxf7 Qd4 44. Bd5 Rc8 45. Bc4 Qd2 46. Bd5 Rf8
47. Bf3 Rb8 48. Qe6 b3 49. Nc4 Qd8 1-0

[Event "Elit(Upsala-LASK)"]
[Site "?"]
[Date "2013.11.23"]
[Round "2"]
[White "Burwick, Malte"]
[Black "Semcesen, Daniel"]
[Result "1/2-1/2"]
[WhiteElo "2300"]
[BlackElo "2547"]
[PlyCount "51"]

1. c4 f5 2. Nc3 Nf6 3. g3 g6 4. Bg2 Bg7 5. Nf3 O-O 6. O-O d6 7. d3 Nc6 8. Rb1
a5 9. a3 Nh5 10. Bd2 f4 11. b4 axb4 12. axb4 Bg4 13. Nd5 fxg3 14. hxg3 Qd7 15.
Kh2 Kh8 16. Ne3 Nf6 17. b5 Nd8 18. Qc2 e5 19. c5 Ne6 20. c6 bxc6 21. bxc6 Qe8
22. Nxg4 Nxg4+ 23. Kg1 g5 24. Bxg5 Qh5 25. Bh4 Bf6 26. e3 1/2-1/2

[Event "Elit(Upsala-LASK)"]
[Site "?"]
[Date "2013.11.23"]
[Round "2"]
[White "Hillarp Persson, Tiger"]
[Black "Andersson, Fredrik"]
[Result "1-0"]
[WhiteElo "2624"]
[BlackElo "2344"]
[PlyCount "77"]

1. d4 Nf6 2. c4 g6 3. Nc3 d5 4. Nf3 Bg7 5. e3 O-O 6. cxd5 Nxd5 7. Bc4 Nxc3 8.
bxc3 c5 9. O-O Nc6 10. Ba3 b6 11. dxc5 Bxc3 12. Rc1 Bf6 13. Bd5 Bb7 14. cxb6
axb6 15. Bxe7 Qxe7 16. Bxc6 Rxa2 17. Bxb7 Qxb7 18. Qd6 Be7 19. Qf4 Qb8 20. Qe4
Bf6 21. h4 Bg7 22. Rfd1 b5 23. Rd7 Ra7 24. Rcd1 Rxd7 25. Rxd7 Qa8 26. Qxa8 Rxa8
27. Rb7 Ra1+ 28. Kh2 Rb1 29. Ng5 Bf6 30. Nxf7 Bxh4 31. g3 Bf6 32. Nh6+ Kh8 33.
e4 Bd4 34. f4 b4 35. e5 b3 36. g4 g5 37. Rb8+ Kg7 38. Rg8+ Kxh6 39. fxg5# 1-0

[Event "Elit(Upsala-LASK)"]
[Site "?"]
[Date "2013.11.23"]
[Round "2"]
[White "Glimbrant, Torbjorn"]
[Black "Nilsson, Sebastian"]
[Result "1/2-1/2"]
[WhiteElo "2336"]
[BlackElo "2382"]
[PlyCount "34"]

1. d4 Nf6 2. c4 g6 3. g3 Bg7 4. Bg2 O-O 5. Nc3 d6 6. Nf3 Nbd7 7. O-O e5 8. e4
a6 9. dxe5 Nxe5 10. Nxe5 dxe5 11. b3 Be6 12. Ba3 Re8 13. Qxd8 Raxd8 14. Nd5 Rd7
15. Rfd1 c6 16. Nxf6+ Bxf6 17. Rxd7 Bxd7 1/2-1/2

[Event "Elit(Upsala-LASK)"]
[Site "?"]
[Date "2013.11.23"]
[Round "2"]
[White "Lund, Silas"]
[Black "Malm Lindberg, Henrik"]
[Result "1-0"]
[WhiteElo "2485"]
[BlackElo "2292"]
[PlyCount "119"]

1. d4 d5 2. c4 e6 3. Nc3 c5 4. cxd5 exd5 5. Nf3 Nc6 6. g3 Nf6 7. Bg2 Be7 8. O-O
O-O 9. dxc5 Bxc5 10. Bg5 d4 11. Ne4 Be7 12. Bxf6 Bxf6 13. b4 Nxb4 14. Nxf6+
Qxf6 15. Qxd4 Qe7 16. Qe5 Re8 17. Qxe7 Rxe7 18. Nd4 Be6 19. Nxe6 fxe6 20. Rfc1
Rd8 21. a3 Na6 22. a4 b6 23. a5 Nc5 24. axb6 axb6 25. Rcb1 Rd6 26. Bf3 Kf7 27.
Rb4 Rc7 28. Ra8 Nd7 29. Ra1 Nf6 30. Rab1 Nd7 31. Kg2 Rc5 32. h4 g6 33. Ra1 Rc7
34. Be4 Nf6 35. Bd3 Rdc6 36. Ra8 Nd5 37. Rd4 Rc8 38. Ra6 Rd6 39. Ra7+ Kg8 40.
h5 gxh5 41. Bxh7+ Kf8 42. Rd3 e5 43. Be4 Rcd8 44. Rf3+ Nf6 45. Bg6 Kg8 46. Rf5
R8d7 47. Rxd7 Nxd7 48. Bxh5 Rf6 49. Rg5+ Kh7 50. Be8 Nc5 51. Rxe5 Kg7 52. f4
Rd6 53. g4 Ne6 54. e3 Nc5 55. g5 Kf8 56. Bb5 Re6 57. Rxe6 Nxe6 58. Kf3 Ke7 59.
Ke4 Nc7 60. Bd3 1-0

[Event "Elit(Upsala-LASK)"]
[Site "?"]
[Date "2013.11.23"]
[Round "2"]
[White "Johansson, Carl Fredrik"]
[Black "Olsson, Linus"]
[Result "1-0"]
[WhiteElo "2225"]
[BlackElo "2338"]
[PlyCount "69"]

1. d4 Nf6 2. c4 e6 3. Nc3 c5 4. d5 exd5 5. cxd5 d6 6. e4 g6 7. f4 Bg7 8. Nf3
O-O 9. Be2 Bg4 10. O-O Bxf3 11. Bxf3 Nbd7 12. g4 a6 13. g5 Ne8 14. Bg4 b5 15.
e5 dxe5 16. f5 Nd6 17. Qd3 e4 18. Qg3 Nxf5 19. Bxf5 gxf5 20. Rxf5 Qb6 21. Nxe4
Qg6 22. Qg4 Bd4+ 23. Kh1 Ne5 24. Qh3 Kh8 25. Bd2 Bxb2 26. Raf1 Nc4 27. Bc3+
Bxc3 28. Qxc3+ Qg7 29. Rf6 Rae8 30. R1f4 Ne5 31. Nd6 Nd7 32. Nf5 Nxf6 33. Nxg7
Nxd5 34. Qa1 Re2 35. Ne6+ 1-0

[Event "Elit(Upsala-LASK)"]
[Site "?"]
[Date "2013.11.23"]
[Round "2"]
[White "Marttala, Thomas"]
[Black "Lin, Michael"]
[Result "1/2-1/2"]
[WhiteElo "2233"]
[BlackElo "2050"]
[PlyCount "119"]

1. e4 c5 2. Nc3 Nc6 3. f4 e6 4. Nf3 a6 5. a4 d5 6. d3 Nf6 7. Bd2 Be7 8. g3 Rb8
9. Bg2 O-O 10. O-O b5 11. axb5 axb5 12. Ne5 Qd6 13. Nxc6 Qxc6 14. exd5 exd5 15.
Nxd5 Nxd5 16. c4 bxc4 17. dxc4 Rxb2 18. Bxd5 Qh6 19. Rb1 Rxb1 20. Qxb1 Be6 21.
Bxe6 Qxe6 22. Re1 Qd6 23. Bc3 Bf6 24. Bxf6 Qxf6 25. Re5 g6 26. Qb5 Rc8 27. Qd7
Rc6 28. Kg2 Kg7 29. Qd5 Rc8 30. Kf3 Qb6 31. Re7 Qf6 32. Rd7 Rb8 33. Qe5 Rb4 34.
Qd5 h5 35. Rc7 Rb2 36. Qxc5 Qc3+ 37. Qe3 Qxe3+ 38. Kxe3 Rxh2 39. c5 Rc2 40. c6
Rc1 41. Kd4 Kf6 42. Kd5 Rc3 43. Ra7 Rd3+ 44. Kc4 Rd1 45. c7 Rc1+ 46. Kd5 Rd1+
47. Kc6 Rc1+ 48. Kb7 Rb1+ 49. Ka8 Rc1 50. Kb8 Kf5 51. c8=Q+ Rxc8+ 52. Kxc8 f6
53. Kd7 Kg4 54. Ra3 g5 55. fxg5 fxg5 56. Ke6 h4 57. gxh4 gxh4 58. Ra8 h3 59.
Rh8 Kg3 60. Ke5 1/2-1/2

[Event "Elit(Vasteras-Limhamn)"]
[Site "?"]
[Date "2013.11.23"]
[Round "2"]
[White "Brynell, Stellan"]
[Black "Norberg, Johan"]
[Result "1/2-1/2"]
[WhiteElo "2569"]
[BlackElo "2350"]
[PlyCount "68"]

1. d4 d6 2. Nf3 g6 3. e4 Nf6 4. Nc3 Bg7 5. h3 c6 6. a4 O-O 7. Be3 Qa5 8. Nd2
Nbd7 9. Be2 Qc7 10. O-O c5 11. d5 Rd8 12. a5 a6 13. Nc4 b5 14. axb6 Nxb6 15.
Qd2 e6 16. Bg5 Re8 17. dxe6 Nxc4 18. Bxc4 Bxe6 19. Bxe6 Rxe6 20. Rfe1 Qb7 21.
Qd3 Nd7 22. Nd5 Nb6 23. c3 Nxd5 24. Qxd5 Qxd5 25. exd5 Rxe1+ 26. Rxe1 Rb8 27.
Ra1 Rxb2 28. Rxa6 Bxc3 29. Bh6 Rb8 30. Bf4 Be5 31. Bxe5 dxe5 32. Rc6 Rb5 33. d6
Rb1+ 34. Kh2 Rd1 1/2-1/2

[Event "Elit(Vasteras-Limhamn)"]
[Site "?"]
[Date "2013.11.23"]
[Round "2"]
[White "Sjodahl, Pontus"]
[Black "Jepson, Christian"]
[Result "1/2-1/2"]
[WhiteElo "2478"]
[BlackElo "2463"]
[PlyCount "47"]

1. d4 Nf6 2. c4 e6 3. Nc3 d5 4. cxd5 exd5 5. Bg5 c6 6. e3 Be7 7. Bd3 Nbd7 8.
Qc2 Nh5 9. Bxe7 Qxe7 10. Nf3 Nf4 11. O-O Nxd3 12. Qxd3 Nf6 13. Ne5 O-O 14. Rfe1
Be6 15. a3 Rfc8 16. Rac1 Nd7 17. Nxd7 Qxd7 18. Na4 Bf5 19. Nc5 Bxd3 20. Nxd7 b6
21. Ne5 Bb5 22. Red1 a5 23. f3 Rc7 24. Kf2 1/2-1/2

[Event "Elit(Vasteras-Limhamn)"]
[Site "?"]
[Date "2013.11.23"]
[Round "2"]
[White "Lindgren, Philip"]
[Black "Akesson, Ralf"]
[Result "0-1"]
[WhiteElo "2393"]
[BlackElo "2489"]
[PlyCount "68"]

1. d4 Nf6 2. c4 e6 3. Nf3 b6 4. g3 Bb7 5. Bg2 Be7 6. O-O O-O 7. d5 exd5 8. Nh4
c6 9. cxd5 Nxd5 10. Nf5 Na6 11. e4 Nf6 12. Nc3 Nc7 13. e5 Nfe8 14. Qg4 f6 15.
Bh6 Ne6 16. Rad1 Rf7 17. Rfe1 Kh8 18. Bc1 fxe5 19. Nxe7 Qxe7 20. Rxe5 Nf6 21.
Qe2 Re8 22. Re1 Qf8 23. Qc4 Rfe7 24. f4 Nc5 25. b4 Ba6 26. Qd4 Nd3 27. Rxe7
Rxe7 28. Rd1 Nxb4 29. Ba3 c5 30. Qd2 Qe8 31. Bf3 Re3 32. Kg2 Nd3 33. Bc1 Rxf3
34. Kxf3 Bb7+ 0-1

[Event "Elit(Vasteras-Limhamn)"]
[Site "?"]
[Date "2013.11.23"]
[Round "2"]
[White "Bergstrom, Peter"]
[Black "Johansson, Linus"]
[Result "1/2-1/2"]
[WhiteElo "2340"]
[BlackElo "2403"]
[PlyCount "49"]

1. e4 e6 2. d4 d5 3. Nd2 Nf6 4. e5 Nfd7 5. Bd3 c5 6. c3 Nc6 7. Ne2 cxd4 8. cxd4
f6 9. exf6 Nxf6 10. Nf3 Bd6 11. O-O O-O 12. Bf4 Nh5 13. Bxd6 Qxd6 14. Ng3 Nf4
15. Bb5 Ne7 16. Qd2 Neg6 17. Rfe1 Bd7 18. Bxd7 Qxd7 19. Re3 Rac8 20. Ne2 Nxe2+
21. Qxe2 Rc6 22. Re1 Nf4 23. Qd1 Qc8 24. g3 Ng6 25. Ne5 1/2-1/2

[Event "Elit(Vasteras-Limhamn)"]
[Site "?"]
[Date "2013.11.23"]
[Round "2"]
[White "Schneider, Stefan"]
[Black "Eriksson, Anders"]
[Result "1-0"]
[WhiteElo "2409"]
[BlackElo "2344"]
[PlyCount "67"]

1. d4 Nf6 2. Nf3 c5 3. d5 b5 4. Bg5 Qb6 5. a4 Ne4 6. Bh4 g6 7. Nbd2 Nxd2 8.
Qxd2 bxa4 9. c3 d6 10. e3 Nd7 11. Rxa4 Bg7 12. Bc4 Nf6 13. O-O a5 14. h3 O-O
15. Rfa1 Bd7 16. R4a2 a4 17. Qe2 e6 18. dxe6 fxe6 19. e4 Nh5 20. Qd2 Nf4 21.
Be7 Nxh3+ 22. Kh2 Rf7 23. Qxd6 Qxd6+ 24. Bxd6 Nxf2 25. Ng5 Rf6 26. e5 Rf4 27.
Bxe6+ Bxe6 28. Nxe6 Rc4 29. b3 Rxc3 30. Rxf2 Rxb3 31. Nxg7 Kxg7 32. Bxc5 Rc8
33. Bd6 Rc4 34. Rfa2 1-0

[Event "Elit(Vasteras-Limhamn)"]
[Site "?"]
[Date "2013.11.23"]
[Round "2"]
[White "Brustkern, Jurgen"]
[Black "Mansson, Peter"]
[Result "1-0"]
[WhiteElo "2268"]
[BlackElo "2235"]
[PlyCount "135"]

1. e4 c5 2. c3 e5 3. Bc4 Nc6 4. Nf3 Nf6 5. d3 Be7 6. O-O O-O 7. Re1 d6 8. a3
Be6 9. Nbd2 a6 10. b4 cxb4 11. axb4 d5 12. exd5 Nxd5 13. Ne4 Nc7 14. Bxe6 Nxe6
15. Bb2 Qd7 16. Ng3 Qc7 17. Nf5 Bf6 18. Nd2 g6 19. Ne4 Bh8 20. Ne3 Rad8 21. Ng4
Qe7 22. b5 axb5 23. Ba3 b4 24. cxb4 b5 25. Rc1 Ncd4 26. Nc5 Qg5 27. Nxe6 fxe6
28. h4 Qxh4 29. Rc7 Rf4 30. Re4 Rdf8 31. Bc1 Rxg4 32. Qxg4 Qxf2+ 33. Kh1 Qf1+
34. Kh2 Rf5 35. Bg5 Bf6 36. Bxf6 Rxf6 37. Rxe5 Rf4 38. Qg3 Rf3 39. Re1 Rxg3 40.
Rxf1 Rxd3 41. Rff7 Nf5 42. Rxh7 Rd8 43. Rhd7 Rxd7 44. Rxd7 Kf8 45. g4 Ke8 46.
Rb7 Nd4 47. Kg3 g5 48. Kf2 Kf8 49. Ke3 Nc2+ 50. Ke4 Nxb4 51. Ke5 Nd3+ 52. Kf6
Ke8 53. Rxb5 e5 54. Rd5 e4 55. Kxg5 Kf7 56. Kf5 Nf2 57. Rd7+ Ke8 58. Rd2 e3 59.
Re2 Nd1 60. Re1 e2 61. Rxe2+ Kf7 62. g5 Nc3 63. g6+ Kg7 64. Re7+ Kg8 65. Rd7
Kf8 66. g7+ Kg8 67. Kg6 Nd5 68. Rd8# 1-0

[Event "Elit(Vasteras-Limhamn)"]
[Site "?"]
[Date "2013.11.23"]
[Round "2"]
[White "Mansson, Lars"]
[Black "Janse, Rasmus"]
[Result "1-0"]
[WhiteElo "2267"]
[BlackElo "2288"]
[PlyCount "91"]

1. e4 e6 2. d4 d5 3. Nc3 Bb4 4. e5 c5 5. Bd2 Ne7 6. Nb5 Bxd2+ 7. Qxd2 O-O 8. f4
b6 9. Nf3 Ba6 10. O-O-O Qd7 11. Nd6 Nc8 12. Nxc8 Rxc8 13. Kb1 Qa4 14. g4 Bxf1
15. Rhxf1 cxd4 16. f5 Nc6 17. a3 d3 18. Qxd3 Qxg4 19. f6 g6 20. Qe3 Qh5 21. Rg1
h6 22. Rg4 Ne7 23. Rdg1 Nf5 24. Qd2 Rc5 25. c3 Rac8 26. Ne1 Rc4 27. Rxc4 Rxc4
28. Nd3 Qf3 29. Ka2 Qe3 30. Qd1 Kh7 31. Re1 Qh3 32. Nb4 Ne3 33. Qd3 a5 34. Rxe3
Qxh2 35. Nc2 Rg4 36. Re2 Rg2 37. Rxg2 Qxg2 38. Qb5 g5 39. Qe8 Kg6 40. Qg8+ Kh5
41. Qxf7+ Kh4 42. Qg6 Qe2 43. Nd4 Qc4+ 44. Ka1 a4 45. Qb1 g4 46. f7 1-0

[Event "Elit(Vasteras-Limhamn)"]
[Site "?"]
[Date "2013.11.23"]
[Round "2"]
[White "Norberg, Erik"]
[Black "Penalver, Osmani"]
[Result "1/2-1/2"]
[WhiteElo "2245"]
[BlackElo "2308"]
[PlyCount "46"]

1. g3 Nf6 2. Bg2 d5 3. Nf3 Nc6 4. d4 Bf5 5. O-O e6 6. a3 Be7 7. c4 O-O 8. cxd5
exd5 9. Nc3 Ne4 10. Nd2 Nxd4 11. Ndxe4 dxe4 12. Nxe4 Bg4 13. f3 Bf5 14. Be3
Bxe4 15. Bxd4 Bc6 16. e4 Qd7 17. Bc3 Qe6 18. Qe2 Bc5+ 19. Kh1 Qb3 20. Rfd1 Rad8
21. Rd2 Bb5 22. Qd1 Qxd1+ 23. Raxd1 Be7 1/2-1/2

[Event "Elit(Eksjo-Team Viking)"]
[Site "?"]
[Date "2013.11.23"]
[Round "2"]
[White "Berg, Emanuel"]
[Black "Gdanski, Jacek"]
[Result "0-1"]
[WhiteElo "2593"]
[BlackElo "2571"]
[PlyCount "94"]
[SourceDate "2013.12.03"]

1. e4 e6 2. d4 d5 3. Nc3 Bb4 4. e5 Ne7 5. a3 Bxc3+ 6. bxc3 c5 7. h4 Qc7 8. Nf3
b6 9. h5 h6 10. Rh4 Ba6 11. Bxa6 Nxa6 12. Rg4 Nf5 13. Qd3 cxd4 14. cxd4 Qc4 15.
Qxc4 dxc4 16. c3 Nc7 17. Re4 Nd5 18. Kd2 Kd7 19. a4 g6 20. hxg6 fxg6 21. Kc2 g5
22. Bd2 Nfe7 23. Rh1 Raf8 24. Rg4 Kc6 25. Kd1 Ng6 26. Kc2 a6 27. Ra1 Rf7 28.
Rh1 b5 29. axb5+ axb5 30. Ra1 Kb6 31. Ra2 b4 32. Ra4 Kb5 33. Ra1 b3+ 34. Kb2
Rff8 35. Re4 Ra8 36. Ree1 Ngf4 37. Bxf4 Nxf4 38. Rxa8 Rxa8 39. Kb1 Nd3 40. Re2
b2 41. Rxb2+ Nxb2 42. Kxb2 Rf8 43. d5 Rxf3 44. gxf3 h5 45. f4 gxf4 46. d6 Kc6
47. Kc2 h4 0-1

[Event "Elit(Eksjo-Team Viking)"]
[Site "?"]
[Date "2013.11.23"]
[Round "2"]
[White "Carlsson, Pontus"]
[Black "Lindberg, Bo"]
[Result "1-0"]
[WhiteElo "2593"]
[BlackElo "2495"]
[PlyCount "123"]

1. e4 e5 2. Nf3 Nc6 3. d4 exd4 4. Nxd4 Bb4+ 5. c3 Bc5 6. Be3 Bb6 7. Nf5 Bxe3 8.
Nxe3 Nf6 9. f3 O-O 10. c4 d6 11. Nc3 Nd7 12. Qd2 Nc5 13. Be2 f5 14. Nxf5 Bxf5
15. exf5 Rxf5 16. O-O Qh4 17. f4 Raf8 18. g3 Qh6 19. Rad1 Kh8 20. Nd5 R5f7 21.
Bf3 Ne6 22. Qe3 Ncd8 23. Bg2 c5 24. Nc3 Nd4 25. Nb5 Nf5 26. Qd3 Qf6 27. Nxd6
Nxd6 28. Qxd6 Ne6 29. Rfe1 Nd4 30. Qxc5 Nc2 31. Re2 b6 32. Qd6 Qxd6 33. Rxd6
Nb4 34. a3 Na6 35. Bd5 Rc7 36. b4 g6 37. Kg2 Nb8 38. h4 Kg7 39. Rde6 Rfc8 40.
Re8 Rxe8 41. Rxe8 Nc6 42. Bxc6 Rxc6 43. Re7+ Kh6 44. Re4 Rd6 45. Kf3 Rd1 46.
Re7 Rf1+ 47. Ke2 Rg1 48. Rxa7 Rxg3 49. Rb7 Rc3 50. Rxb6 Rxc4 51. a4 Rxf4 52. a5
Rxh4 53. a6 Rh2+ 54. Kf3 Ra2 55. b5 Kg5 56. Rb7 h5 57. a7 h4 58. b6 h3 59. Rb8
h2 60. Rh8 Ra3+ 61. Kg2 Ra2+ 62. Kh1 1-0

[Event "Elit(Eksjo-Team Viking)"]
[Site "?"]
[Date "2013.11.23"]
[Round "2"]
[White "Agrest, Evgenij"]
[Black "Rasmussen, Allan Stig"]
[Result "1-0"]
[WhiteElo "2675"]
[BlackElo "2570"]
[PlyCount "71"]

1. c4 e5 2. Nc3 d6 3. g3 f5 4. d4 Nf6 5. dxe5 dxe5 6. Qxd8+ Kxd8 7. Bh3 Bb4 8.
Bd2 c6 9. O-O-O Bd7 10. Nf3 Re8 11. Rhf1 h6 12. a3 Bf8 13. Be3 Kc8 14. Nh4 f4
15. Bxd7+ Nbxd7 16. gxf4 exf4 17. Bd4 g5 18. Nf5 Kc7 19. e3 f3 20. h3 Ne4 21.
Kc2 Nd6 22. Nxd6 Bxd6 23. Rg1 Re6 24. Rg4 Be7 25. Re4 Rxe4 26. Nxe4 h5 27. Rg1
Rg8 28. Nd2 c5 29. Bc3 g4 30. hxg4 Rxg4 31. Nxf3 Rxc4 32. Rg7 Kd6 33. Kd3 Ra4
34. Rh7 h4 35. e4 Bf6 36. Bxf6 1-0

[Event "Elit(Eksjo-Team Viking)"]
[Site "?"]
[Date "2013.11.23"]
[Round "2"]
[White "Bejtovic, Jasmin"]
[Black "Westerberg, Jonathan"]
[Result "1-0"]
[WhiteElo "2441"]
[BlackElo "2463"]
[PlyCount "133"]

1. e4 c5 2. d3 Nc6 3. g3 g6 4. Bg2 Bg7 5. f4 d6 6. Nf3 e6 7. O-O Nge7 8. c3 O-O
9. Na3 Rb8 10. Be3 b6 11. Nc2 f5 12. exf5 gxf5 13. d4 Qc7 14. Re1 Bd7 15. Bf2
Nd8 16. Ne3 cxd4 17. cxd4 Bc6 18. Rc1 Qd7 19. Ng5 Bxg2 20. Kxg2 d5 21. Nc2 Nc8
22. Nf3 Nd6 23. Ne5 Qb7 24. Nb4 a5 25. Nbd3 N8f7 26. Qa4 Rbc8 27. Qd7 Bxe5 28.
Qxb7 Nxb7 29. fxe5 Ng5 30. Be3 Ne4 31. Rf1 a4 32. Nf4 Kf7 33. g4 Rg8 34. Kh1
Na5 35. gxf5 exf5 36. Nxd5 Nc4 37. Bg1 Nxb2 38. Rxc8 Rxc8 39. Nxb6 Rc2 40.
Rxf5+ Kg6 41. Rf8 Re2 42. d5 Nd3 43. e6 Ng5 44. Nxa4 Kg7 45. Rf1 Nh3 46. Nc3
Rb2 47. Bd4+ Kh6 48. e7 Nhf2+ 49. Bxf2 Nxf2+ 50. Rxf2 Rxf2 51. e8=Q Rf1+ 52.
Kg2 Ra1 53. Qe3+ Kg6 54. Qd2 Kg7 55. h4 Kh8 56. h5 Kg8 57. d6 Kg7 58. d7 Kf7
59. Qb2 Ke7 60. Qxa1 Kd8 61. Kf3 Kxd7 62. Ke4 Kd6 63. Qb2 Kc7 64. Kd5 h6 65.
Ne4 Kc8 66. Kd6 Kd8 67. Qh8# 1-0

[Event "Elit(Eksjo-Team Viking)"]
[Site "?"]
[Date "2013.11.23"]
[Round "2"]
[White "Cramling, Pia"]
[Black "Vernersson, Per"]
[Result "1-0"]
[WhiteElo "2501"]
[BlackElo "2406"]
[PlyCount "189"]

1. d4 d5 2. Nf3 Nf6 3. c4 dxc4 4. e3 e6 5. Bxc4 c5 6. O-O a6 7. dxc5 Qxd1 8.
Rxd1 Bxc5 9. Nfd2 Ke7 10. Nb3 Bd6 11. Be2 b6 12. Na3 Bb7 13. Nc4 Bc7 14. Bd2
Nc6 15. Bf3 Rhd8 16. Rac1 Rac8 17. Kf1 h6 18. a4 Ba8 19. Bc3 Rxd1+ 20. Rxd1 Rd8
21. Rc1 Ne8 22. Nd4 Nxd4 23. Bxd4 Bxf3 24. gxf3 Rb8 25. f4 f6 26. Ke2 Kd7 27.
Rd1 Kc6 28. Rc1 Kd7 29. Nd2 g5 30. fxg5 hxg5 31. Ne4 e5 32. Bc3 Ke6 33. Bb4 Bd8
34. Nc3 Be7 35. Bxe7 Kxe7 36. Nd5+ Kd7 37. e4 a5 38. Rc3 b5 39. Rb3 Kc6 40.
Rc3+ Kd7 41. Rb3 Kc6 42. Ne7+ Kd6 43. Nd5 Kc5 44. Ke3 b4 45. Rd3 Rb7 46. Rd2
Kc4 47. Rd3 Rh7 48. Ke2 Kc5 49. Ne3 Nc7 50. Rd1 Kc6 51. Nc4 Ne6 52. Nxa5+ Kb6
53. Nb3 Nf4+ 54. Ke1 Rh3 55. Nc1 Kc5 56. Rd8 Rxh2 57. Nb3+ Kc6 58. Rf8 Rh6 59.
Kd2 Kd6 60. a5 Ne6 61. Rb8 Kc7 62. Rxb4 Rh8 63. Rb6 Rd8+ 64. Kc3 Rd6 65. Rxd6
Kxd6 66. Kc4 Kc6 67. Nd2 Nd4 68. b4 Nb5 69. Kd3 Nd4 70. Kc4 Nb5 71. Nf1 Nd6+
72. Kd3 Kb5 73. Ne3 Kxb4 74. a6 Nb5 75. Nd5+ Ka5 76. Nxf6 Kxa6 77. Nd7 Kb7 78.
Nxe5 Nd6 79. Kd4 Kc7 80. Kd5 Nb5 81. Nf7 g4 82. Nh6 Nc3+ 83. Ke5 g3 84. fxg3
Kd7 85. g4 Ke7 86. Nf5+ Kf7 87. Nh4 Nd1 88. Kf5 Ne3+ 89. Kf4 Nc4 90. e5 Nb6 91.
Kf5 Nd5 92. e6+ Ke7 93. Ke5 Nb4 94. Nf5+ Ke8 95. Kd6 1-0

[Event "Elit(Eksjo-Team Viking)"]
[Site "?"]
[Date "2013.11.23"]
[Round "2"]
[White "de Verdier, Michael"]
[Black "Cramling, Dan"]
[Result "1-0"]
[WhiteElo "2424"]
[BlackElo "2400"]
[PlyCount "67"]

1. c4 c5 2. g3 g6 3. Bg2 Bg7 4. Nc3 Nc6 5. Nf3 d6 6. O-O Qd7 7. e3 Bxc3 8. bxc3
b6 9. d3 Bb7 10. e4 e6 11. Qe2 O-O-O 12. Bf4 h6 13. Rad1 g5 14. Bc1 f5 15. exf5
exf5 16. Rfe1 Rh7 17. d4 Re7 18. Qd3 Rxe1+ 19. Rxe1 Qf7 20. h4 g4 21. Nh2 Na5
22. Bxb7+ Kxb7 23. dxc5 bxc5 24. Bf4 Nxc4 25. Nf1 h5 26. Ne3 Nxe3 27. Rxe3 Ka8
28. Bg5 c4 29. Qd1 Rd7 30. Qa4 Kb7 31. Re2 a6 32. Rb2+ Kc8 33. Qxa6+ Rb7 34.
Qa8+ 1-0